000 00498nam a2200205Ia 4500
003 OSt
005 20140507100227.0
008 140130s9999 xx 000 0 und d
020 _a0439343690
050 _aQA 115
_b.M872 2001
100 _aMurphy, Stuart
245 _cStuart Murphy
_aMonster musical chairs /
260 _bScholastic,
_c2001.
_aNew York :
300 _a31 p. :
_bcol. ill. ;
_c21 cm.
440 _v1
521 _aG1
526 _c170
942 _cBK
_2lcc
999 _c39909
_d39909